Click Central American Countries On A Map - Statistics

General Stats
  • This quiz has been taken 352 times
  • The average score is 6 of 7
Answers on the Map
Answers color-coded by a green-red scale on the quiz's map according to % correct below.
 
Answer Stats
Answer % Correct
Panama
92%
El Salvador
87%
Nicaragua
84%
Belize
81%
Costa Rica
81%
Guatemala
80%
Honduras
78%
No matching quizzes found
Score Distribution
Percent of People with Each Score
Percentile by Number Answered
Your Score History
You have not taken this quiz